| 000 | 01022cam a2200277 a 4500 | ||
|---|---|---|---|
| 003 | OSt | ||
| 005 | 20250410125008.0 | ||
| 008 | 970214s19910000ck a gr 0 fbspa d | ||
| 035 | _a(Sirsi) 96240 | ||
| 040 |
_aCO-BoPUJ _cCO-JMCR |
||
| 041 | _aspa | ||
| 082 | 0 | 4 |
_aA-N _bARAm |
| 100 | 1 |
_aArango Arias, Gonzalo, _eautor _91044 |
|
| 245 | 0 |
_aMemorias de un presidiario nadaista / _cGonzallo Arango ; prologo de Jotamario Arbelaez |
|
| 250 | _aPrimera edición | ||
| 260 |
_aMedellin : _bAutores Antioquenos, _c1991 |
||
| 300 |
_a218 páginas : _bilustraciones a blanco y negro ; _c21 cm. |
||
| 490 | 0 |
_aColección Autores Antioquenos ; _v65. |
|
| 600 | 1 | 4 |
_aArango Arias, Gonzalo _d1931-1976 _vrelatos Personales _91045 |
| 600 | 1 | 4 |
_aArango Arias, Gonzalo _d1931-1976 _vNovela _91046 |
| 600 | 1 | 4 |
_aArango Arias, Gonzalo _d1931-1976 _xPersonalidad _91047 |
| 650 | 2 | 4 |
_aGonzalo Arango _xMemorias _91048 |
| 650 | 2 | 4 |
_aGonzalo Arango _xNovela _91049 |
| 700 | 1 |
_aArbelaez, Jotamario, _eProloguista _91050 |
|
| 942 |
_2ddc _cBK |
||
| 999 |
_c6619 _d6619 |
||